000 00510nam a2200205Ia 4500
003 OSt
005 20230405150742.0
008 210423s2008 xx 000 0 und d
020 _a9789762103
040 _cAL
041 _aeng
082 _a371.4
_223
_bQURH
100 _aQURESHI (Hasnain).
_983630
245 _aEducational counselling.
260 _aNew Delhi
_bAnmol Publications
_c2008
300 _aviii,391
_bPB
365 _b190
_cINR
906 _aCounselling. ; Educational
942 _2ddc
_cBK
999 _c156937
_d156937